|
|
|
|
| LEADER |
00000nam a22000007a 4500 |
| 008 |
201215b ||||| |||| 00| 0 eng d |
| 020 |
|
|
|a 978-0-323-28745-6
|
| 100 |
|
|
|a DEAN, Jeffrey A.
|
| 245 |
|
|
|a McDonald and Avery’s dentistry for the child and adolescent
|c Jeffrey A. Dean.
|g xix, 700p.; ill.
|
| 250 |
|
|
|b 10th ed.
|
| 260 |
|
|
|b Elsevier
|c 2016
|h St Louis, Missouri
|i 685069
|l RK55 .D34
|m Dental care for children
|m Pediatric dentistry – Methods
|
| 500 |
|
|
|a It includes bibliographical references and index
|
| 942 |
|
|
|a lcc
|c BK
|e ADEYEYE Y. S.
|f 15/12/2020
|
| 952 |
|
|
|0 0
|1 0
|2 lcc
|4 0
|6 RK0055 D34
|7 0
|9 509
|a HOL
|b HOL
|c QZ
|d 2020-12-15
|l 0
|o RK55 .D34
|p 2020-2236
|r 2020-12-15 00:00:00
|w 2020-12-15
|y BK
|
| 999 |
|
|
|c 269
|d 269
|